Saltar al contenido
Inicio
Centros participantes
Catálogo
Servicios
Contacto
Prijava
English
Deutsch
Español
Français
Italiano
日本語
Nederlands
Português
Português (Brasil)
中文(简体)
中文(繁體)
Türkçe
עברית
Gaeilge
Cymraeg
Ελληνικά
Català
Euskara
Русский
Čeština
Suomi
Svenska
polski
Dansk
slovenščina
اللغة العربية
বাংলা
Galego
Tiếng Việt
Hrvatski
हिंदी
Հայերէն
Українська
Sámegiella
Jezik
Vsa polja
Naslov
Avtor
Tema
Signatura
ISBN/ISSN
Oznaka
Išči
Napredno
La social democracia y la cris...
Citiraj
Pošljite email
Natisni
Izvozi zadetek
Izvozi v RefWorks
Izvozi v EndNoteWeb
Izvozi v EndNote
Dodaj v priljubljene
Enlace Permanente
Agregar primera valuación
La social democracia y la crisis Nicaragüense
Shranjeno v:
Bibliografske podrobnosti
Format:
Texto
Teme:
POLITICA
BURGUESIA
NICARAGUA
Oznake:
Označite
Brez oznak, prvi označite!
Zaloga
Opis
Komentarji
Podobne knjige/članki
Knjižničarski pogled
MARC
LEADER
00000 a a2200000 04500
001
17870
003
040
245
|a
La social democracia y la crisis Nicaragüense
650
|a
POLITICA
650
|a
BURGUESIA
650
|a
NICARAGUA
773
|g
volumen 3, número 34; páginas 277
999
|c
37358
|d
37358
Podobne knjige/članki
Nicaragua: ofensiva de la burguesía en dos frentes
El proceso global en la Nicaragua revolucionaria y los retos que propone a la fe cristiana eclesial /
od: Hernández Pico, Juan
Estados Unidos y la crisis Nicaragüense
Los cristianos y la crisis Nicaragüense
La burguesía y sus fracciones en la formación social guatemalteca